Gyors csersavmeghatározás borban

Elmentve itt :
Bibliográfiai részletek
Szerzők: Kolta Rezső
Zukál Endre
Dokumentumtípus: Cikk
Megjelent: 1956
Sorozat:Élelmiszervizsgálati közlemények 2 No. 1
Kulcsszavak:Élelmiszervizsgálat - analitikai kémia - módszer, Élelmiszerkémia - módszer
Tárgyszavak:
Online Access:http://acta.bibl.u-szeged.hu/81680
LEADER 00903nab a2200241 i 4500
001 acta81680
005 20230922120605.0
008 230922s1956 hu o 0|| hun d
040 |a SZTE Egyetemi Kiadványok Repozitórium  |b hun 
041 |a hun 
041 |a ger 
041 |a rus 
100 1 |a Kolta Rezső 
245 1 0 |a Gyors csersavmeghatározás borban  |h [elektronikus dokumentum] /  |c  Kolta Rezső 
260 |c 1956 
300 |a 17-22 
490 0 |a Élelmiszervizsgálati közlemények  |v 2 No. 1 
650 4 |a Műszaki és technológiai tudományok 
650 4 |a Egyéb műszaki tudományok és technológiák 
650 4 |a Élelmiszer és italfélék 
695 |a Élelmiszervizsgálat - analitikai kémia - módszer, Élelmiszerkémia - módszer 
700 0 1 |a Zukál Endre  |e aut 
856 4 0 |u http://acta.bibl.u-szeged.hu/81680/1/elelmiszervizsgalati_kozlemenyek_1956_01_017-022.pdf  |z Dokumentum-elérés